| 000 | 00416nam a22001337a 4500 | ||
|---|---|---|---|
| 999 |
_c8205 _d8206 |
||
| 008 | 190807b ||||| |||| 00| 0 eng d | ||
| 082 | _aENGLISH CAP NO.13 | ||
| 100 | _aYangden, Tshering | ||
| 245 | _aHarry Potter and the Philosopher`s stone as a study material to the seventh graders of Bhutan | ||
| 260 |
_aThimphu ; _bRoyal Thimphu College, _c2019. |
||
| 300 |
_a23 p. _c30 cm. |
||
| 650 | _aCasptone | ||
| 942 | _2ddc | ||